000 00779nam0a22002531 4500
001 rc\1031710
005 20250622084219.0
035 _a(NLR Aleph) 006195258
090 _a6209056
_c6209056
100 _a20041129d1981 |||y0rusy50 ca
101 0 _arus
102 _aRU
105 _ay |||||||||
200 1 _aЯзык монголов внутренней Монголии
_eМатериалы и словарь
210 _aМ.
_cНаука
_d1981
215 _a276 с.
_d22
300 _aВ надзаг.: АН СССР, Ин-т востоковедения
700 1 _aТодаева
_bБ.Х.
_f1915-
_gБуляш Хойчиевна
801 0 _aRU
_bNLR
_gpsbo
801 1 _aRU
_bELAR
_2rusmarc
852 _aNLR
_bОЛСАА
942 _cBOOK
980 _aNB